书目信息 |
| 题名: |
摄影入门
|
|
| 作者: | 乔旭亮 编 | |
| 分册: | ||
| 出版信息: | 北京 化学工业出版社 2020.04 |
|
| 页数: | 303页 | |
| 开本: | 24cm | |
| 丛书名: | ||
| 单 册: | ||
| 中图分类: | J41 | |
| 科图分类: | ||
| 主题词: | 摄影技术--she ying ji shu--基本知识 | |
| 电子资源: | ||
| ISBN: | 978-7-122-35592-8 | |
| 000 | 00823nam0 2200229 450 | |
| 001 | 2034767777 | |
| 005 | 20201106093934.92 | |
| 010 | @a978-7-122-35592-8@dCNY88.00 | |
| 100 | @a20200506d2020 em y0chiy50 ea | |
| 101 | 0 | @achi |
| 102 | @aCN@b110000 | |
| 105 | @aa z 000yy | |
| 200 | 1 | @a摄影入门@Ashe ying ru men@e普通场景拍大片@f乔旭亮编 |
| 210 | @a北京@c化学工业出版社@d2020.04 | |
| 215 | @a303页@c彩图@d24cm | |
| 330 | @a本书中用简洁的语言教大家摄影的基本流程和好用的方法。通过21个常见场景拍摄案例, 教会入门者怎么拍人像、怎么拍风景照, 以及好玩的创意拍摄, 最终掌握摄影的技巧。 | |
| 517 | 1 | @a普通场景拍大片@Apu tong chang jing pai da pian |
| 606 | 0 | @a摄影技术@Ashe ying ji shu@x基本知识 |
| 690 | @aJ41@v5 | |
| 701 | 0 | @a乔旭亮@Aqiao xu liang@4编 |
| 801 | 0 | @aCN@b人天书店@c20200929 |
| 905 | @aZUCC@dJ41@eQ336 | |
| 摄影入门:普通场景拍大片/乔旭亮编.-北京:化学工业出版社,2020.04 |
| 303页:彩图;24cm |
| ISBN 978-7-122-35592-8:CNY88.00 |
| 本书中用简洁的语言教大家摄影的基本流程和好用的方法。通过21个常见场景拍摄案例, 教会入门者怎么拍人像、怎么拍风景照, 以及好玩的创意拍摄, 最终掌握摄影的技巧。 |
| ● |
| 相关链接 |
|
|
|
正题名:摄影入门
索取号:J41/Q336
 
预约/预借
| 序号 | 登录号 | 条形码 | 馆藏地/架位号 | 状态 | 备注 |
| 1 | 1481531 | 214815315 | 社科库309/309社科库 83排2列3层/ [索取号:J41/Q336] | 在馆 | |
| 2 | 1481532 | 214815324 | 社科库309/309社科库 83排2列3层/ [索取号:J41/Q336] | 在馆 |